[Event "Spijkenisse op-B 3rd"]
[Site "Spijkenisse"]
[Date "2013.10.26"]
[Round "2"]
[White "Fan, Zhi Yang"]
[Black "Reljic, Mane"]
[Result "1/2-1/2"]
[WhiteElo "1424"]
[BlackElo "1495"]
[PlyCount "73"]
[EventDate "2013.10.25"]
[EventType "swiss"]
[EventRounds "6"]
[EventCountry "NED"]
[SourceTitle "EXT 2014"]
[Source "ChessBase"]
[SourceDate "2013.11.20"]
[SourceVersion "1"]
[SourceVersionDate "2013.11.20"]
[SourceQuality "1"]

1. e4 e5 2. Nf3 Nc6 3. Bc4 Qf6 4. Nc3 Nge7 5. d3 a6 6. Be3 d6 7. Qe2 Be6 8. Bd5 h6 9. d4 Bxd5 10. exd5 Nd8 11. dxe5 dxe5 12. Ne4 Qg6 13. d6 Ndc6 14. d7+ Kd8 15. Nc5 Rb8 16. 0-0-0 Nf5 17. Qc4 Nxe3 18. fxe3 Bxc5 19. Qxc5 Qe6 20. Rhf1 Qe7 21. Qd5 Qe6 22. e4 Ke7 23. Qc5+ Kd8 24. Rd5 f6 25. Nh4 b6 26. Qc3 Nd4 27. Qa3 a5 28. Nf5 Nxf5 29. Rxf5 c5 30. Qg3 Qe7 31. Rf3 Rb7 32. Qe1 Rxd7 33. Rxd7+ Kxd7 34. Qe2 Kc6 35. Rb3 Qb7 36. Qc4 Rd8 37. Qa4+ 1/2-1/2

[Event "NED-ch U20 op"]
[Site "Borne"]
[Date "2013.08.10"]
[Round "9"]
[White "Kompaan, Rick"]
[Black "Fan, Zhi Yang"]
[Result "1-0"]
[WhiteElo "1511"]
[BlackElo "1424"]
[PlyCount "107"]
[EventDate "2013.08.05"]
[EventType "swiss"]
[EventRounds "9"]
[EventCountry "NED"]
[SourceTitle "EXT 2015"]
[Source "ChessBase"]
[SourceDate "2014.11.20"]
[SourceVersion "1"]
[SourceVersionDate "2014.11.20"]
[SourceQuality "1"]

1. e4 e5 2. Nf3 Nc6 3. Bc4 Nf6 4. Ng5 d5 5. exd5 Na5 6. Bb5+ c6 7. dxc6 bxc6 8. Bd3 Bd6 9. Nc3 h6 10. Nge4 Nb7 11. Nxf6+ Qxf6 12. Ne4 Qd8 13. b3 Nc5 14. Nxc5 Bxc5 15. Qf3 0-0 16. 0-0 Bd6 17. Bb2 Be6 18. Be4 f5 19. Bxc6 e4 20. Qc3 Rf6 21. Bxa8 Qxa8 22. Qd4 Bc7 23. c4 Rg6 24. g3 f4 25. Ba3 Bh3 26. Qd5+ Qxd5 27. cxd5 fxg3 28. hxg3 Bb6 29. Kh2 Bg4 30. Rac1 Rg5 31. Rh1 Rxd5 32. Rc4 Rxd2 33. Bc5 Bf3 34. Bxb6 Rd5 35. Rc5 Rd2 36. Rc8+ Kh7 37. Be3 Rxa2 38. Rhc1 Ra5 39. R8c5 Ra3 40. b4 Rd3 41. Ra5 Rb3 42. Ra4 a5 43. bxa5 Rb5 44. Bc5 Rb7 45. a6 Rd7 46. Rd4 Rf7 47. Bd6 Be2 48. Bf4 Rf5 49. Rxe4 Rh5+ 50. Kg2 Bxa6 51. Rc7 Bd3 52. Ree7 Kg6 53. Rxg7+ Kf6 54. Rgd7 1-0

[Event "NED-ch U20 op"]
[Site "Borne"]
[Date "2013.08.06"]
[Round "3"]
[White "Smink, Dion"]
[Black "Fan, Zhi Yang"]
[Result "0-1"]
[WhiteElo "1255"]
[BlackElo "1424"]
[PlyCount "78"]
[EventDate "2013.08.05"]
[EventType "swiss"]
[EventRounds "9"]
[EventCountry "NED"]
[SourceTitle "EXT 2015"]
[Source "ChessBase"]
[SourceDate "2014.11.20"]
[SourceVersion "1"]
[SourceVersionDate "2014.11.20"]
[SourceQuality "1"]

1. e4 e5 2. Nf3 Nc6 3. c3 d6 4. d4 exd4 5. cxd4 Nf6 6. d5 Ne7 7. Nc3 Ng6 8. Qa4+ Nd7 9. Be3 a6 10. Rc1 Be7 11. Nb5 0-0 12. Nbd4 Nc5 13. Qc2 Bd7 14. b4 Ba4 15. Qb1 Nd7 16. Be2 Nf6 17. h3 Re8 18. 0-0 Bf8 19. Nd2 Bd7 20. f3 Nh5 21. Rc3 Nhf4 22. Bxf4 Nxf4 23. Qc2 Bxh3 24. gxh3 Qf6 25. N2b3 Re5 26. Kf2 Qh4+ 27. Ke3 Nxd5+ 28. Kd2 Qf4+ 29. Ke1 Nxc3 30. Qxc3 c5 31. bxc5 dxc5 32. Nxc5 Rxc5 33. Qb2 Qe3 34. Nc2 Rxc2 35. Qxc2 Bb4+ 36. Kd1 Rd8+ 37. Bd3 Rxd3+ 38. Qxd3 Qxd3+ 39. Kc1 Ba3# 0-1

[Event "NED-ch U20 op"]
[Site "Borne"]
[Date "2013.08.05"]
[Round "1"]
[White "Nguyen, Kevin"]
[Black "Fan, Zhi Yang"]
[Result "1-0"]
[WhiteElo "1863"]
[BlackElo "1424"]
[PlyCount "73"]
[EventDate "2013.08.05"]
[EventType "swiss"]
[EventRounds "9"]
[EventCountry "NED"]
[SourceTitle "EXT 2015"]
[Source "ChessBase"]
[SourceDate "2014.11.20"]
[SourceVersion "1"]
[SourceVersionDate "2014.11.20"]
[SourceQuality "1"]

1. e4 e5 2. Nf3 Nc6 3. Bb5 a6 4. Ba4 Nf6 5. 0-0 Be7 6. Re1 d6 7. h3 0-0 8. c3 b5 9. Bc2 Bb7 10. d4 exd4 11. Nxd4 Ne5 12. f4 Ng6 13. Qf3 c5 14. Nf5 d5 15. e5 Ne4 16. Nxe7+ Qxe7 17. Bxe4 dxe4 18. Qg3 Nh4 19. Nd2 e3 20. Nf3 Nxf3+ 21. gxf3 Kh8 22. Bxe3 Rae8 23. Qf2 Qe6 24. Bxc5 Rg8 25. Kh2 Qh6 26. Qg3 Bc8 27. Bd4 Bf5 28. h4 Qc6 29. Rg1 Re6 30. Qg5 g6 31. Qg3 Rd8 32. Rg2 b4 33. Rag1 Qa4 34. Qg5 Rg8 35. Qxf5 Rf8 36. Qc2 Qc6 37. f5 1-0